The friendliest countries in the world with foreign visitors... And the worst! - Statistics

General Stats
  • This quiz has been taken 615 times
  • The average score is 15 of 31
Answer Stats
Rank Continent Country % Correct
2 Oceania New Zealand
79%
138 Europe Russia
74%
12 North America Canada
73%
9 Europe Ireland
67%
1 Europe Iceland
66%
135 Middle East Iran
65%
7 Europe Portugal
65%
5 Europe Austria
62%
19 Europe Belgium
62%
15 Middle East United Arab Emirates
61%
139 South America Venezuela
59%
140 South America Bolivia
56%
18 Middle East Yemen
52%
3 Africa Morocco
51%
137 Middle East Kuwait
49%
134 Middle East Pakistan
47%
133 Europe Slovakia
47%
132 Europe Bulgaria
45%
20 Middle East Bahrain
44%
136 Europe Latvia
44%
13 Asia Thailand
44%
17 Europe Malta
41%
8 Europe Bosnia and Herzegovina
39%
16 Asia Singapore
39%
11 Caribbean Barbados
35%
4 Europe Macedonia
35%
131 Asia Mongolia
29%
6 Africa Senegal
22%
14 Africa Mali
20%
21 Africa Rwanda
15%
10 Africa Burkina Faso
8%
No matching quizzes found
Score Distribution
Percent of People with Each Score
Percentile by Number Answered
Your Score History
You have not taken this quiz